Gestión cultural: Estudios de caso.
Guardat en:
| Autor principal: | |
|---|---|
| Altres autors: | , , , , , , , , , , , , , , |
| Format: | Llibre |
| Publicat: |
Barcelona, España:
Ariel,
2008.
|
| Edició: | 1a. edición. |
| Col·lecció: | Ariel Patrimonio.
|
| Matèries: | |
| Etiquetes: |
Afegir etiqueta
Sense etiquetes, Sigues el primer a etiquetar aquest registre!
|
MARC
| LEADER | 00000nam a22000007a 4500 | ||
|---|---|---|---|
| 003 | CL-VaPUC | ||
| 005 | 20250407202446.0 | ||
| 008 | 250313t2008 ||||| |||| 00| 0 eng d | ||
| 999 | |c 447328 |d 447326 | ||
| 020 | |a 978-84-344-2226-1 | ||
| 040 | |c Pontificia Universidad Católica de Valparaíso | ||
| 082 | |a 306 COL 2008 | ||
| 100 | |9 896819 |a Colombo, Alba |e editora | ||
| 245 | |a Gestión cultural: |b Estudios de caso. | ||
| 250 | |a 1a. edición. | ||
| 260 | |a Barcelona, España: |b Ariel, |c 2008. | ||
| 300 | |a 301 páginas: |b ilustraciones. | ||
| 490 | |a Ariel Patrimonio. | ||
| 500 | |a c.1. Instituto Arcos.08-01-2025. | ||
| 583 | |c 20250313 |k Gabriela Rodríguez Cuevas | ||
| 650 | 0 | |9 521696 |a Gestión cultural | |
| 650 | 0 | |9 896365 |a Proyectos culturales |v Estudios de casos | |
| 650 | 0 | |9 316492 |a Política cultural | |
| 650 | 0 | |9 309364 |a Patrimonio cultural |x Protección | |
| 700 | |9 896820 |a Roselló Cerezuela, David |e editor | ||
| 700 | |9 896821 |a Amigó, Sílvia |e autora | ||
| 700 | |9 492805 |a Cabero Morán, Enrique |e autor | ||
| 700 | |9 896822 |a Díaz, Sergi |e autor | ||
| 700 | |9 896823 |a Díez, Jorge |e autor | ||
| 700 | |9 896824 |a Flaño Monfort, Teresa |e autora | ||
| 700 | |9 896826 |a García, Josep Mª |e autor | ||
| 700 | |9 896827 |a Guntín Gurguí, Florenci |e autor | ||
| 700 | |9 896828 |a Hochbaum, Nora |e autora | ||
| 700 | |9 896829 |a Kühnelt, Wolf |e autor | ||
| 700 | |9 896830 |a Octavio, María Ángeles |e autora | ||
| 700 | |9 896831 |a Oliveras, Jordi |e autor | ||
| 700 | |9 896832 |a Padró Werner, Jordi |e autor | ||
| 700 | |9 896833 |a Pasour, Christoph |e autor | ||
| 700 | |9 896834 |a Piñeiro, Liliana |e autora | ||
| 942 | |2 ddc |c BK |n 0 | ||
| 952 | |0 0 |1 0 |2 ddc |4 0 |6 306_000000000000000_COL_2008 |7 0 |8 A |9 601215 |a BIBINC |b BIBINC |d 2025-03-13 |e Instituto Arcos |i 5666076 |o 306 COL 2008 |p 5666076 |r 2025-03-13 |t 1 |w 2025-03-13 |y BK |k IFP | ||